000 00825nam a2200253 a 4500
001 BRCA_5544
005 20190320205126.0
008 280311s1981----mx-a######---#000-0#spa-#
041 _aspa
044 _amx
050 4 _aN5230
_b.A85 1981
100 1 _aAtl
_cDr.
_d1875-1964
_qGerardo Murillo
_914146
245 1 0 _aCatálogo de las Pinturas y Dibujos de la Colección Pani
_cTexto del Dr. Atl.
260 _aMéxico
_bUNAM
_c1981
300 _a55 p.
_bil., 142 láminas
_c17 cm.
500 _aEstado físico: libro deshojado, tapas rotas y desprendidas
500 _aF20
600 1 4 _aPani, Alberto J.
_d1878-1955
_xColecciones de arte
_914147
650 1 4 _aPintura
_vCatálogos
_913336
650 1 4 _aDibujo
_vCatálogos
_zMéxico
_914148
650 1 4 _aColeccionistas y colecciones
_914149
902 _aGFM
942 _2lcc
_cB
999 _c5238
_d5238